canal street - sombr (lyrics) - Statistics

General Stats
  • This quiz has been taken 63 times
  • The average score is 308 of 334
Answer Stats
Hint Answer % Correct
a
100%
Canal
100%
do
100%
Pre chorus Do
100%
down
100%
girls
100%
I
100%
see
100%
Street,
100%
the
100%
walk
100%
with
100%
are
98%
But
98%
but
98%
go
98%
on
98%
to
98%
you
98%
you,
98%
cover
95%
hospital?
95%
jeans
95%
me
95%
none
95%
of
95%
smoke
95%
still
95%
them
95%
they
95%
we
95%
your
95%
brother
93%
dates
93%
for
93%
low-rise
93%
my
93%
not
93%
nothing
93%
patio?
93%
radio?
93%
that
93%
try
93%
used
93%
And
90%
back
90%
be
90%
bring
90%
'Cause
90%
couch
90%
hear
90%
in
90%
Is
90%
is
90%
it
90%
kills
90%
look
90%
magazines
90%
mom,
90%
streets
90%
these
90%
traits
90%
where
90%
Verse 1 As
88%
brings
88%
cigarettes
88%
everything
88%
got
88%
just
88%
could
85%
crying
85%
I'm
85%
now
85%
Verse 2 Now
85%
out
85%
smoking
85%
need
83%
they're
83%
thought
83%
was
83%
Bridge Was
83%
were
83%
I've
80%
pretty
80%
scene
80%
all
78%
city
78%
Even
78%
even
78%
holidays
78%
lights
78%
place
78%
while?
78%
does
75%
face
75%
looking
75%
I'd
73%
little
73%
tree
73%
wanted?
73%
last
70%
putting
70%
This
70%
year,
70%
time
68%
up
68%
what
68%
(Oh-oh-oh)
63%
Ooh-ooh
63%
Ooh-ooh,
8%
No matching quizzes found
Score Distribution
Percent of People with Each Score
Percentile by Number Answered
Your Score History
You have not taken this quiz